| 000 | 00987nam a22002175i 4500 | ||
|---|---|---|---|
| 001 | 162053 | ||
| 003 | ES-MaACL | ||
| 005 | 20250717065808.0 | ||
| 008 | 960416s1880 sp |||| | spa d | ||
| 040 |
_aCLM _bspa _cCLM |
||
| 100 | 0 |
_aPiccioli, Francesco. _991820 |
|
| 245 | 1 | 0 |
_aElementos de tasación forestal / _cpor Cav. Francisco Piccioli ; traducidos del italiano por R. Álvarez Sereix. |
| 260 |
_aMadrid : _b[s.n.], _c1880 ( _fImprenta de Moreno y Rojas) |
||
| 300 |
_a215 p., [3] h. pleg. ; _c24 cm. |
||
| 650 | 4 |
_aOrdenación de montes. _9143535 |
|
| 700 | 1 |
_aÁlvarez Sereix, Rafael, _d1856-1946 _920966 |
|
| 852 |
_aES-MaACL _jG-10183 _z-- Enc. hol. |
||
| 852 |
_aES-MaACL _jG-9534(3) _z-- Enc. hol. _z.- Enc. en un vol. facticio, formando parte de la col. facticia: "Revista de montes. Varios sobre montes, 1880-83, II" |
||
| 852 |
_aES-MaACL _jT-520-F-5 _z-- Enc. hol. _q-- Falto de la cub. original _z-- Enc. en un vol. facticio |
||
| 999 |
_c162053 _d162053 |
||